Reálna hodnota a jej využitie pri zostavení účtovnej závierky podľa IFRS diplomová práca
Na minha lista:
| Autor principal: | |
|---|---|
| Autor Corporativo: | |
| Outros Autores: | |
| Formato: | Livro |
| Idioma: | eslovaco |
| Publicado em: |
Bratislava
2012
|
| Tags: |
Sem tags, seja o primeiro a adicionar uma tag!
|
MARC
| LEADER | 00000nbm a2200000 4500 | ||
|---|---|---|---|
| 001 | 0154712 | ||
| 005 | 20161109102139.5 | ||
| 041 | 0 | |a slo | |
| 044 | |a SK | ||
| 245 | 1 | 0 | |a Reálna hodnota a jej využitie pri zostavení účtovnej závierky podľa IFRS |b diplomová práca |c Diana Horváthová ; školiteľ: Miloš Tumpach |
| 264 | 1 | |a Bratislava |c 2012 | |
| 300 | |a 56 s. | ||
| 100 | 1 | |a Horváthová, Diana | |
| 700 | 1 | |a Tumpach, Miloš, 1970- | |
| 710 | 2 | |a Fakulta hospodárskej informatiky EU. Katedra účtovníctva a audítorstva | |